Effects of aryl hydrocarbon receptor-mediated early life stage toxicity on lake trout populations in lake Ontario during the 20th century /
Gardado en:
| Outros autores: | , , , , , , , |
|---|---|
| Formato: | Artigo |
| Idioma: | English |
| Những chủ đề: | |
| Các nhãn: |
Engadir etiqueta
Sen Etiquetas, Sexa o primeiro en etiquetar este rexistro!
|
| Thư viện lưu trữ: | Thư viện Trường Đại học Đà Lạt |
|---|
| LEADER | 01208nam a2200385 4500 | ||
|---|---|---|---|
| 001 | DLU090093984 | ||
| 005 | ##20091201 | ||
| 040 | # | # | |a DLU |b eng |
| 041 | # | # | |a eng |
| 044 | # | # | |a us |
| 245 | # | # | |a Effects of aryl hydrocarbon receptor-mediated early life stage toxicity on lake trout populations in lake Ontario during the 20th century / |c Philip M. Cook ... [et al.]. |
| 653 | # | # | |a Embryonic development |
| 653 | # | # | |a Freshwater environment |
| 653 | # | # | |a Hydrocarbon |
| 653 | # | # | |a Mortality |
| 653 | # | # | |a Salmonidae |
| 653 | # | # | |a Salvelinus namaycush |
| 700 | # | # | |a Cook, Philip M. |
| 700 | # | # | |a Endicott, Douglas D. |
| 700 | # | # | |a Guiney, Patrick D. |
| 700 | # | # | |a Lodge, Keith B. |
| 700 | # | # | |a Peterson, Richard E. |
| 700 | # | # | |a Robbins, John A. |
| 700 | # | # | |a Walker, Mary K. |
| 700 | # | # | |a Zabel, Erik W. |
| 773 | # | # | |t Environmental Science & Technology |g Vol. 37, no. 17 (September 2003), p. 3864-3877 |
| 920 | # | # | |a Phòng Tạp chí -- Trung tâm Thông tin - Thư viện Trường Đại học Đà Lạt |
| 994 | # | # | |a DLU |
| 900 | # | # | |a True |
| 911 | # | # | |a Trương Bảo Trâm Anh |
| 925 | # | # | |a G |
| 926 | # | # | |a A |
| 927 | # | # | |a BB |
| 980 | # | # | |a Thư viện Trường Đại học Đà Lạt |